| 000 | 00000nam##2200000za#4500 |
| 001 | 9.661725 |
| 003 | CaOODSP |
| 005 | 20210615120212 |
| 007 | ta |
| 008 | 150407|2000||||xxc||||| f|0| 0 eng|d |
| 020 | |a0-662-64847-1 |
| 040 | |aCaOODSP|beng |
| 041 | |aeng |
| 041 | |afre |
| 043 | |an-cn--- |
| 086 | 1 |aEn105-59/2000 |
| 110 | 1 |aCanada. |bCanadian Environmental Assessment Agency. |
| 245 | 10|aReference Guide for Project Proponents on the Cost Recovery of Environmental Assessment Review Panels |
| 260 | |aOttawa - Ontario : |bCanadian Environmental Assessment Agency |c2000. |
| 300 | |aEnglish text, 18p. ; |c28 cm. |
| 500 | |aN.B.: Incorrect catalogue number (En21-200/2000) printed in this publication. |
| 546 | |aBilingual |
| 563 | |aSoftcover |
| 590 | |a00-19|b2000-05-12 |
| 690 | 07|aFunding|2gcpds |
| 690 | 07|aEnvironmental policy|2gcpds |
| 690 | 07|aEnvironmental impact assessment|2gcpds |
| 690 | 07|aCosts|2gcpds |
| 776 | 0#|tGuide de référence sur le recouvrement des coûts applicables aux comissions d'examen d'évaluation environnementale à l'intention des promoteurs de projets |w(CaOODSP)9.639916 |
| 776 | 0#|tReference guide for project proponents on the cost recovery of environmental assessment review panels |w(CaOODSP)9.695828 |
| 792 | |tGuide de référence sur le recouvrement des coûts applicables aux commissions d'examen d'évaluation environnementale à l'intention des promoteurs de projets |efre|w(CaOODSP)9.661726 |